000 00475nam a2200181Ia 4500
003 GCL
008 140319s9999 xx 000 0 eng d
040 _aGCL /
_cGCL
082 0 4 _a378
_bM C
100 1 _aMASON, RICHARD O.
245 1 0 _aCAMBRIDGE MINDS /
_cMASON, RICHARD O.
260 _a[S.N] :
_bCAMBRIDGE UNIVERSITY PRESS ،
_c1994
300 _a237 P
650 0 4 _aESSAYS
650 0 4 _aCAMBRIDGE UNIVERSITY
650 0 4 _aUNIVERSITIES - EDUCATION
942 _2ddc
_cBK
999 _c10389
_d10389